| 000 | 00582pam a2200217 a 4500 | ||
|---|---|---|---|
| 001 | 2351821 | ||
| 005 | 20180302085225.0 | ||
| 008 | 831219s1985 njua b 001 0 eng | ||
| 010 | _a 83026921 | ||
| 020 | _a0133869474 | ||
| 040 |
_aDLC _cDLC _dDLC |
||
| 041 | _aeng | ||
| 080 | _a372.414 SEA | ||
| 082 | 0 | 0 |
_a372.414 SEA _219 |
| 100 | 1 | _a25 | |
| 101 | _aEDU | ||
| 245 | 1 | 0 |
_aHelping children learn to read / _cLyndon W. Searfoss, John E. Readence. |
| 504 | _aIncludes bibliographies and index. | ||
| 906 |
_a7 _bcbc _corignew _d1 _eocip _f19 _gy-gencatlg |
||
| 942 |
_2ddc _cBK |
||
| 999 |
_c44090 _d44090 |
||